01084nam a2200253 a 450000100060000000300080000600500170001400800410003103500190007204000320009104100080012308200260013110000320015724500940018926000460028330000260032950001010035550400320045665000340048894200120052299900170053495201440055195201350069526342BD-RjUL20211209051013.0170219s1965 bg b 001 0 eng d a(BD-RjUL)26412 aDLCcMoUdDLCdBD-RjULbeng aeng00a266.554bALB 19652231 aAli, Muhammad Mohar.98099514aThe Bengali reaction to Christian missionary activities, 1833-1857 /cMuhammad Mohar Ali. aChittagong :bMehrub Publications,c1965. axii, 243 p. ;c23 cm. a"Thesis approved for the degree of doctor of philosophy of the University of London, May, 1963." aBibliography: p. [211]-232. 0aMissionszIndia-Bengal980996 2ddccBK c26342d26342 00102ddc40718NFICaRUCLbRUCLcStackd1966-02-01eGovt. Australiag16.00l0o266.554 ALB 1965r2014-03-22 00:00:00tC-1w2021-12-09yBK 00102ddc40708NFICaRUCLbRUCLcStackd1966-02-01eM. Alig16.00l0o266.554 ALB 1965r2017-02-19 00:00:00tC-2w2017-02-19yBK